书目信息 |
| 题名: |
李自成
|
|
| 作者: | 姚雪垠 著 | |
| 分册: | 第三卷上册 | |
| 出版信息: | 北京 中国青年出版社 1981 |
|
| 页数: | 3册 | |
| 开本: | 19cm | |
| 丛书名: | ||
| 单 册: | ||
| 中图分类: | I247.53 , I247.4 | |
| 科图分类: | ||
| 主题词: | 长篇小说--中国--现代 | |
| 电子资源: | ||
| ISBN: | ||
| 000 | 00676nam0 2200253 450 | |
| 001 | 1557366554 | |
| 005 | 20150121145259.21 | |
| 010 | @dCNY1.15 | |
| 091 | @a10009.700(中) | |
| 091 | @a10009.701(下) | |
| 091 | @a10009.698(上) | |
| 100 | @a19950527d1981 em y0chiy0110 ea | |
| 101 | 0 | @achi |
| 102 | @aCN@b110000 | |
| 105 | @af z 000ad | |
| 200 | 1 | @a李自成@9li zi cheng@h第三卷上册@f姚雪垠著 |
| 210 | @a北京@c中国青年出版社@d1981 | |
| 215 | @a3册@c插图@d19cm | |
| 606 | 0 | @a长篇小说@y中国@z现代 |
| 690 | @aI247.53@v5 | |
| 690 | @aI247.4@v4 | |
| 701 | 0 | @a姚雪垠@9yao xue yin@f(1910~1999.4)@4著 |
| 801 | 0 | @aCN@bTSSF@c20150121 |
| 905 | @aZUCC@dI247.4@eJY107:3:1 | |
| 李自成.第三卷上册/姚雪垠著.-北京:中国青年出版社,1981 |
| 3册:插图;19cm |
| ISBN :CNY1.15 |
| ● |
| 相关链接 |
|
|
|
|
正题名:李自成
索取号:I247.4/JY107:3:1
 
预约/预借
| 序号 | 登录号 | 条形码 | 馆藏地/架位号 | 状态 | 备注 |
| 1 | 7835498 | 278354987 | 学院路分馆/ [索取号:I247.4/JY107:3:1] | 在馆 | |
| 2 | 7835500 | 278355003 | 学院路分馆/ [索取号:I247.4/JY107:3:1] | 在馆 | |
| 3 | 7854062 | 278540624 | 学院路分馆/ [索取号:I247.4/JY107:3:1] | 在馆 | |
| 4 | 7854063 | 278540633 | 学院路分馆/ [索取号:I247.4/JY107:3:1] | 在馆 |